Loading...
| Fine Arts - Visual | 0 | 4 | 0 | 0 | 40 | 71 | 102.25 | 0 | 1 | 9.24 | 23.25 |
| Religion | 0 | 4 | 0 | 2 | 40 | 83 | 114.75 | 0 | 0 | 3.82 | 14.00 |
| Fine Arts - Classical Music | 0 | 3 | 0 | 0 | 30 | 127 | 132.33 | 0 | 1 | 0.66 | 12.75 |
| Fine Arts - Other | 0 | 3 | 0 | 0 | 30 | 62 | 111.00 | 1 | 1 | 6.10 | 18.00 |
| Literature - World/Other | 0 | 3 | 0 | 0 | 30 | 118 | 134.67 | 0 | 0 | 2.03 | 11.00 |
| History - World | 0 | 2 | 0 | 1 | 20 | 72 | 97.50 | 0 | 1 | 4.32 | 10.00 |
| Literature - British | 0 | 2 | 0 | 1 | 20 | 41 | 84.00 | 1 | 1 | 7.05 | 12.00 |
| Literature - European | 0 | 2 | 0 | 0 | 20 | 129 | 136.00 | 0 | 0 | 0.44 | 13.00 |
| Science - Biology | 0 | 1 | 0 | 1 | 10 | 122 | 122.00 | 0 | 0 | 0.00 | 1.25 |
| History - American | 0 | 1 | 0 | 0 | 10 | 58 | 58.00 | 0 | 1 | 5.47 | 9.00 |
| History - Other | 0 | 1 | 0 | 0 | 10 | 76 | 76.00 | 0 | 1 | 4.15 | 8.00 |
| Geography/Current Events | 0 | 0 | 1 | 0 | -5 | 0.00 | 0 | 0 | 0.00 | 0.00 | |
| Pop Culture | 0 | 0 | 1 | 0 | -5 | 0.00 | 0 | 0 | 0.00 | 0.00 | |
| History - European | 0 | 0 | 1 | 0 | -5 | 0.00 | 0 | 0 | 0.00 | 0.00 |